A tudományegyetem lényege

Elmentve itt :
Bibliográfiai részletek
Szerző: Szelényi Ödön
Dokumentumtípus: Cikk
Megjelent: 1911
Sorozat:Magyar pedagógia : a Magyar Tudományos Akadémia Pedagógiai Bizottságának folyóirata 20
Kulcsszavak:Egyetemi oktatás reform, Tudományegyetem
Online Access:http://misc.bibl.u-szeged.hu/8796
LEADER 00666nab a2200181 i 4500
001 misc8796
005 20191106143756.0
008 170607s1911 hu o 0|| hun d
022 |a 0025-0260 
040 |a SZTE Miscellanea Repozitórium  |b hun 
041 |a hun 
100 1 |a Szelényi Ödön 
245 1 2 |a A tudományegyetem lényege  |h [elektronikus dokumentum] /  |c  Szelényi Ödön 
260 |c 1911 
300 |a 223-230 
490 0 |a Magyar pedagógia : a Magyar Tudományos Akadémia Pedagógiai Bizottságának folyóirata  |v 20 
695 |a Egyetemi oktatás reform, Tudományegyetem 
856 4 0 |u http://misc.bibl.u-szeged.hu/8796/1/mp_1911_1625_223-230.pdf  |z Dokumentum-elérés